| 000 | 00546nam a22002057a 4500 | ||
|---|---|---|---|
| 003 | OSt | ||
| 005 | 20140310182838.0 | ||
| 008 | 130607t xxu||||| |||| 00| 0 eng d | ||
| 050 |
_aTX 745 _b.F299 1979 |
||
| 082 |
_aM 641.6754 _bF32 1979 |
||
| 082 |
_aM 641.675 _b F32 1979 |
||
| 245 |
_aThe fabulous egg cookbook _cFeinman, Jeffrey |
||
| 260 |
_aNew York : _bVentura Associates, Inc., _cc1979. |
||
| 300 |
_a127 p. _c17 cm. |
||
| 521 | _aCollege Students | ||
| 526 | _c1210L-1700L | ||
| 541 | _j1 | ||
| 562 | _e1 | ||
| 942 |
_2lcc _cBK _kM |
||
| 999 |
_c16806 _d16806 |
||